[Event "HUN-ch U20"]
[Site "Budapest"]
[Date "2024.03.16"]
[Round "6"]
[White "Pasztor, Balazs"]
[Black "Tancsa, Tamas"]
[Result "1-0"]
[WhiteElo "2406"]
[BlackElo "2273"]
[PlyCount "51"]
[EventDate "2024.03.11"]
[EventType "tourn"]
[EventRounds "9"]
[EventCountry "HUN"]
[EventCategory "4"]
[SourceTitle "CB13_2024"]
[SourceDate "2024.03.27"]
[SourceVersion "1"]
[SourceVersionDate "2024.03.27"]
[SourceQuality "1"]

1. e4 e5 2. Nf3 Nc6 3. Bb5 a6 4. Ba4 Nf6 5. 0-0 Nxe4 6. d4 d5 7. dxe5 Bc5 8. Nbd2 0-0 9. c3 Nxf2 10. Rxf2 f6 11. Bxc6 bxc6 12. e6 Bxf2+ 13. Kxf2 Bxe6 14. Nb3 Re8 15. Bf4 Bf7 16. Nc5 g5 17. Bg3 f5 18. Kg1 f4 19. Bf2 Qf6 20. Bd4 Qf5 21. Qd3 Re4 22. Nd2 Rae8 23. Ndxe4 dxe4 24. Qxa6 e3 25. Qxc6 g4 26. Qh6 1-0

[Event "Mitropa Cup"]
[Site "Apolda"]
[Date "2024.02.16"]
[Round "2.7"]
[White "Pasztor, Balazs"]
[Black "Stalmach, Richard"]
[Result "1/2-1/2"]
[WhiteElo "2395"]
[BlackElo "2434"]
[PlyCount "160"]
[EventDate "2024.02.15"]
[EventType "team-tourn"]
[EventRounds "9"]
[EventCountry "GER"]
[SourceTitle "CB09_2024"]
[SourceDate "2024.02.28"]
[SourceVersion "1"]
[SourceVersionDate "2024.02.28"]
[SourceQuality "1"]
[WhiteTeam "Hungary"]
[BlackTeam "Czech Republic"]
[WhiteTeamCountry "HUN"]
[BlackTeamCountry "CZE"]

1. e4 c5 2. Nf3 d6 3. d4 cxd4 4. Nxd4 Nf6 5. Nc3 a6 6. Rg1 b5 7. a4 b4 8. Nd5 Nxd5 9. exd5 Bb7 10. Nf5 Qc7 11. Qd4 e5 12. Qc4 Qxc4 13. Bxc4 Nd7 14. a5 Rc8 15. b3 g6 16. Ne3 f5 17. Ra4 f4 18. Rxb4 Nc5 19. Nd1 Be7 20. Bd2 Rb8 21. Rb6 Bd8 22. Rxd6 Bc7 23. Rb6 Bxb6 24. axb6 Nd7 25. Ba5 Bc8 26. Bd3 Nxb6 27. c4 Bf5 28. Kd2 Nd7 29. b4 0-0 30. Re1 f3 31. gxf3 Bxd3 32. Kxd3 Rxf3+ 33. Re3 Rf4 34. Re4 Rbf8 35. d6 Rf3+ 36. Ke2 R8f4 37. Rxf4 Rxf4 38. c5 Nb8 39. d7 Nxd7 40. c6 Nf6 41. Nb2 Re4+ 42. Kf1 Nd5 43. c7 Nxc7 44. Bxc7 Rxb4 45. Nd3 Rb1+ 46. Ke2 e4 47. Nc5 Rc1 48. Bd6 Kf7 49. Ke3 a5 50. Kd4 Kf6 51. Nxe4+ Kf5 52. f3 h5 53. h4 Ke6 54. Bf4 Rh1 55. Bg5 Rf1 56. Nd2 Ra1 57. Kc4 a4 58. Kb4 Kd5 59. Ne4 a3 60. Kb3 Rb1+ 61. Kxa3 Kd4 62. Ka4 Rb8 63. Ka5 Rb3 64. Nd2 Rb8 65. Ka6 Kd3 66. Ne4 Ke2 67. f4 Kf3 68. Nf6 Rb4 69. Nd5 Rd4 70. Ne7 Rxf4 71. Nxg6 Rb4 72. Ka5 Rb1 73. Ne7 Kg3 74. Ng6 Kg4 75. Ka4 Kf5 76. Ne7+ Ke6 77. Ka3 Rg1 78. Ng6 Kf5 79. Nf4 Rxg5 80. hxg5 Kxg5 1/2-1/2

[Event "Budapest Vezerkepzo GM 12"]
[Site "Budapest"]
[Date "2023.12.21"]
[Round "8"]
[White "Varga, Zoltan"]
[Black "Pasztor, Balazs"]
[Result "1/2-1/2"]
[WhiteElo "2378"]
[BlackElo "2372"]
[PlyCount "95"]
[EventDate "2023.12.14"]
[EventType "tourn"]
[EventRounds "9"]
[EventCountry "HUN"]
[EventCategory "6"]
[SourceTitle "CB52_2023"]
[SourceDate "2023.12.27"]
[SourceVersion "1"]
[SourceVersionDate "2023.12.27"]
[SourceQuality "1"]

1. d4 d5 2. Nf3 Nf6 3. g3 Bf5 4. Bg2 e6 5. 0-0 h6 6. c4 c6 7. cxd5 exd5 8. Qb3 Qb6 9. Qe3+ Be7 10. Nc3 Nbd7 11. Nh4 Be6 12. f4 Ng4 13. Qd3 Bxh4 14. f5 Nde5 15. Qd1 Nc4 16. fxe6 0-0 17. exf7+ Kh8 18. gxh4 Nxb2 19. Qd2 Nc4 20. Qf4 Nf6 21. Rb1 Qa5 22. Nxd5 cxd5 23. Rxb7 Qxa2 24. Qg3 Qxe2 25. Bxh6 gxh6 26. Rxf6 Qd1+ 27. Rf1 Qxd4+ 28. Kh1 Ne3 29. Qf2 Qe5 30. Re1 d4 31. Rd7 Rab8 32. Qg3 Qxg3 33. hxg3 Rbd8 34. Rxa7 Kg7 35. Be4 Rxf7 36. Ra6 Rf6 37. Ra7+ Rf7 38. Ra6 Rf6 39. Ra7+ Kf8 40. Bd3 Rdd6 41. Rb1 Rf7 42. Rxf7+ Kxf7 43. Kg1 Ke6 44. Kf2 Ng4+ 45. Ke2 Ne5 46. Rb5 Rc6 47. g4 Kd6 48. Be4 1/2-1/2

[Event "Budapest SixDays 11 GM"]
[Site "Budapest"]
[Date "2023.11.29"]
[Round "4"]
[White "Pasztor, Balazs"]
[Black "Horvath, Adam"]
[Result "1-0"]
[WhiteElo "2360"]
[BlackElo "2429"]
[PlyCount "101"]
[EventDate "2023.11.27"]
[EventType "tourn"]
[EventRounds "9"]
[EventCountry "HUN"]
[EventCategory "7"]
[SourceTitle "CB49_2023"]
[SourceDate "2023.12.06"]
[SourceVersion "1"]
[SourceVersionDate "2023.12.06"]
[SourceQuality "1"]

1. e4 c5 2. Nf3 Nc6 3. Bb5 e6 4. Bxc6 bxc6 5. d3 Ne7 6. Qe2 Qc7 7. e5 f6 8. b3 Ng6 9. Bb2 d6 10. exd6 Bxd6 11. g3 e5 12. h4 0-0 13. Nbd2 Bg4 14. Qe4 Be6 15. 0-0-0 Ne7 16. g4 a5 17. a4 Nd5 18. Rhg1 Rae8 19. Kb1 Nf4 20. Qe3 Nh3 21. Rg2 Nf4 22. Rg3 Nd5 23. Qe4 Nf4 24. Qe1 Nd5 25. Ne4 Kh8 26. Nfd2 Be7 27. Nc4 Nb4 28. Ncd2 Qd7 29. Qe2 Nd5 30. Rgg1 Rb8 31. f3 Rb4 32. Nc4 Nf4 33. Qe3 Nd5 34. Qf2 Qa7 35. g5 f5 36. Ned2 e4 37. Qe1 Qb8 38. fxe4 fxe4 39. Qxe4 Bf5 40. Qe5 Qxe5 41. Bxe5 Bg6 42. Rgf1 Rf5 43. Rxf5 Bxf5 44. Rf1 Bg6 45. Nxa5 Rxh4 46. Nxc6 Ne3 47. Re1 Bxg5 48. Nf3 Ng2 49. Nxh4 Nxe1 50. Nxg6+ hxg6 51. a5 1-0

[Event "Budapest SixDays 11 GM"]
[Site "Budapest"]
[Date "2023.11.29"]
[Round "5"]
[White "Srihari, LR."]
[Black "Pasztor, Balazs"]
[Result "1-0"]
[WhiteElo "2460"]
[BlackElo "2360"]
[PlyCount "125"]
[EventDate "2023.11.27"]
[EventType "tourn"]
[EventRounds "9"]
[EventCountry "HUN"]
[EventCategory "7"]
[SourceTitle "CB49_2023"]
[SourceDate "2023.12.06"]
[SourceVersion "1"]
[SourceVersionDate "2023.12.06"]
[SourceQuality "1"]

1. Nf3 d5 2. g3 g6 3. Bg2 Bg7 4. d4 c6 5. 0-0 Nf6 6. c4 dxc4 7. a4 Ne4 8. Qc2 Nd6 9. e4 Na6 10. Na3 Nb4 11. Qc3 a5 12. e5 Nf5 13. g4 Nh6 14. h3 Nd5 15. Qxc4 0-0 16. Re1 f5 17. g5 Nf7 18. Bd2 f4 19. Qc5 Bf5 20. Nc4 Ra6 21. Nxa5 Qa8 22. Nb3 Rxa4 23. Rxa4 Qxa4 24. Na5 Nd8 25. b3 Qa2 26. Qc1 Bc2 27. Qa1 Qxa1 28. Rxa1 Be4 29. Rc1 h6 30. h4 hxg5 31. Nxg5 Bxg2 32. Kxg2 Bh6 33. Nf3 Kf7 34. Kh3 Ke6 35. Kg4 Kd7 36. Ra1 Kc7 37. Nc4 b5 38. Ba5+ Kb7 39. Nb2 Ne6 40. Rc1 Ra8 41. b4 Rf8 42. Nd1 Rf5 43. Nc3 Nxc3 44. Rxc3 Rh5 45. Rc1 Bf8 46. Rd1 Bg7 47. Re1 Bh6 48. Rg1 Bf8 49. Kh3 Rh6 50. Rg4 Kc8 51. Kg2 Kd7 52. Kf1 Ng7 53. Bb6 Nh5 54. Bc5 Ke6 55. Ke2 Kd5 56. Kd3 Ng7 57. Rxf4 Nf5 58. Rg4 Bg7 59. Rg1 Rh8 60. Ra1 Nxh4 61. Ng5 Rh5 62. Bxe7 Nf5 63. Rc1 1-0

[Event "EU-chT U18"]
[Site "Iasi"]
[Date "2023.07.29"]
[Round "6.2"]
[White "Pasztor, Balazs"]
[Black "Cebotari, Stanislav"]
[Result "1-0"]
[WhiteElo "2368"]
[BlackElo "2054"]
[PlyCount "73"]
[EventDate "2023.07.24"]
[EventType "team-swiss"]
[EventRounds "7"]
[EventCountry "ROU"]
[SourceTitle "CBM 215 Extra"]
[Source "ChessBase"]
[SourceDate "2023.09.30"]
[SourceVersion "1"]
[SourceVersionDate "2023.09.30"]
[SourceQuality "1"]
[WhiteTeam "Hungary U18"]
[BlackTeam "Moldova U18"]
[WhiteTeamCountry "HUN"]
[BlackTeamCountry "MDA"]

1. e4 e5 2. Nf3 Nc6 3. Bb5 a6 4. Ba4 d6 5. 0-0 Bd7 6. c4 Nge7 7. Nc3 Ng6 8. Bxc6 bxc6 9. d4 Be7 10. dxe5 dxe5 11. Be3 c5 12. Ne1 0-0 13. Nd3 Bg4 14. f3 Be6 15. b3 Qb8 16. Nxc5 Qa7 17. N3a4 Rfd8 18. Qe1 Bxc5 19. Nxc5 Qb6 20. Qf2 Qc6 21. Rad1 Nf8 22. Rd2 Rd6 23. Rfd1 Rad8 24. Nxe6 Nxe6 25. Rd5 f6 26. R1d3 a5 27. Qd2 a4 28. Rxd6 Rxd6 29. Rxd6 cxd6 30. Qd5 Qxd5 31. exd5 axb3 32. axb3 Nd8 33. Bb6 Nb7 34. b4 Kf7 35. c5 dxc5 36. bxc5 Ke8 37. g4 1-0

[Event "Budapest SixDays 05 GM-A"]
[Site "Budapest"]
[Date "2023.06.01"]
[Round "9"]
[White "Dudin, Gleb"]
[Black "Pasztor, Balazs"]
[Result "1-0"]
[WhiteElo "2475"]
[BlackElo "2393"]
[PlyCount "87"]
[EventDate "2023.05.27"]
[EventType "tourn"]
[EventRounds "9"]
[EventCountry "HUN"]
[EventCategory "9"]
[SourceTitle "CBM 214 Extra"]
[Source "ChessBase"]
[SourceDate "2023.07.31"]
[SourceVersion "1"]
[SourceVersionDate "2023.07.31"]
[SourceQuality "1"]

1. d4 Nf6 2. c4 e6 3. Nf3 Bb4+ 4. Nbd2 d6 5. e3 0-0 6. Be2 a5 7. 0-0 a4 8. a3 Bxd2 9. Nxd2 Nc6 10. Nb1 Bd7 11. Nc3 Na5 12. Nxa4 Nxc4 13. Nc3 Nb6 14. e4 Na4 15. Nxa4 Bxa4 16. b3 Bc6 17. f3 h6 18. Qc2 Qd7 19. Bd2 Bb5 20. Bxb5 Qxb5 21. Qxc7 Qxb3 22. Qxd6 Rfd8 23. Qg3 Kh7 24. Qh4 Ng8 25. d5 exd5 26. Bb4 Re8 27. Rae1 dxe4 28. fxe4 Qc4 29. Qh5 f6 30. Qd5 Qc7 31. Rc1 Qb6+ 32. Kh1 Kh8 33. h3 Ne7 34. Qf7 Nc6 35. Rxf6 Qe3 36. Re1 Qd4 37. Rd6 Qa7 38. Bc3 Ne5 39. Bxe5 Rxe5 40. Rxh6+ gxh6 41. Qf6+ Kh7 42. Qxe5 Qxa3 43. Rd1 Qa4 44. Qf5+ 1-0

[Event "Budapest SixDays 05 GM-A"]
[Site "Budapest"]
[Date "2023.05.29"]
[Round "4"]
[White "Pasztor, Balazs"]
[Black "Guo, Arthur"]
[Result "1-0"]
[WhiteElo "2393"]
[BlackElo "2445"]
[PlyCount "115"]
[EventDate "2023.05.27"]
[EventType "tourn"]
[EventRounds "9"]
[EventCountry "HUN"]
[EventCategory "9"]
[SourceTitle "CBM 214 Extra"]
[Source "ChessBase"]
[SourceDate "2023.07.31"]
[SourceVersion "1"]
[SourceVersionDate "2023.07.31"]
[SourceQuality "1"]

1. e4 e5 2. Nf3 Nc6 3. Bc4 Bc5 4. d3 Nf6 5. Bg5 h6 6. Bh4 a6 7. c3 Qe7 8. a4 d6 9. Nbd2 Ba7 10. 0-0 Bg4 11. h3 Bd7 12. b4 g5 13. Bg3 Rg8 14. Kh2 h5 15. h4 Ng4+ 16. Kh1 Nd8 17. Nxg5 Ne6 18. Bxe6 Bxe6 19. b5 a5 20. Nxe6 fxe6 21. Nf3 0-0-0 22. Qd2 d5 23. Rae1 Qa3 24. Nxe5 Nxe5 25. Bxe5 Rg4 26. exd5 Rxh4+ 27. Kg1 Rg4 28. Qh6 Re8 29. Bh2 Qc5 30. Rxe6 Reg8 31. Qxh5 Rxg2+ 32. Kh1 Rxh2+ 33. Kxh2 Qf8 34. Rh6 Bxf2 35. Kh1 Qg7 36. Qh2 Qg5 37. Rh5 Qg4 38. Qh3 Qxh3+ 39. Rxh3 Bc5 40. d4 Bd6 41. Rg1 Rf8 42. Kg2 b6 43. Rf3 Rh8 44. Rh1 Rg8+ 45. Kf2 Rg5 46. c4 Rg4 47. Ke3 Rg2 48. Kd3 Ra2 49. Rc1 Ra3+ 50. Rc3 Rxa4 51. c5 bxc5 52. dxc5 Be5 53. Rc4 Ra1 54. Ke4 Bh2 55. d6 cxd6 56. Kd5 dxc5 57. Kc6 Rd1 58. Rf8+ 1-0

[Event "EU-ch 23rd"]
[Site "Vrnjacka Banja"]
[Date "2023.03.09"]
[Round "7"]
[White "Wieczorek, Oskar"]
[Black "Pasztor, Balazs"]
[Result "1/2-1/2"]
[WhiteElo "2505"]
[BlackElo "2387"]
[PlyCount "98"]
[EventDate "2023.03.03"]
[EventType "swiss"]
[EventRounds "11"]
[EventCountry "SRB"]
[SourceTitle "CBM 213"]
[Source "ChessBase"]
[SourceDate "2023.04.30"]
[SourceVersion "1"]
[SourceVersionDate "2023.04.30"]
[SourceQuality "1"]

1. e4 e5 2. Nf3 Nc6 3. d4 exd4 4. Nxd4 Nf6 5. Nxc6 bxc6 6. e5 Qe7 7. Qe2 Nd5 8. h4 f6 9. c4 Ba6 10. Rh3 Nb6 11. exf6 Qxe2+ 12. Bxe2 Bxc4 13. Re3+ Kd8 14. fxg7 Bxg7 15. Nc3 a5 16. Re4 d5 17. Bg5+ Kc8 18. Re7 Bf8 19. Rf7 Bd6 20. Bf4 Bxf4 21. Rxf4 Re8 22. Kf1 a4 23. Re1 Bxe2+ 24. Rxe2 Rxe2 25. Kxe2 Kb7 26. g4 c5 27. g5 a3 28. b3 d4 29. Ne4 Nd5 30. Rg4 Nb4 31. Nxc5+ Kc6 32. Nd3 Nxa2 33. Rxd4 Nc3+ 34. Kd2 a2 35. Nb4+ Kc5 36. Rc4+ Kd6 37. Nc2 Nb1+ 38. Kd3 Na3 39. Rd4+ Ke5 40. Na1 c5 41. Re4+ Kf5 42. Ra4 Rd8+ 43. Ke3 Rd1 44. Rxa3 Rxa1 45. Ke2 Kg4 46. Ra4+ Kf5 47. Ra7 Kg4 48. Ra4+ Kf5 49. Ra5 Kg4 1/2-1/2

[Event "EU-ch 23rd"]
[Site "Vrnjacka Banja"]
[Date "2023.03.04"]
[Round "2"]
[White "Pasztor, Balazs"]
[Black "Kacharava, Nikoloz"]
[Result "0-1"]
[WhiteElo "2387"]
[BlackElo "2531"]
[PlyCount "54"]
[EventDate "2023.03.03"]
[EventType "swiss"]
[EventRounds "11"]
[EventCountry "SRB"]
[SourceTitle "CBM 213"]
[Source "ChessBase"]
[SourceDate "2023.04.30"]
[SourceVersion "1"]
[SourceVersionDate "2023.04.30"]
[SourceQuality "1"]

1. e4 c5 2. Nf3 e6 3. b3 b6 4. Bb2 Bb7 5. Nc3 Nc6 6. d4 cxd4 7. Nxd4 Qb8 8. Nxc6 Bxc6 9. f3 Bd6 10. Qe2 Bxh2 11. 0-0-0 Be5 12. Kb1 Ne7 13. Rh5 Ng6 14. Rxe5 Nxe5 15. f4 Ng6 16. f5 Ne5 17. Qh5 0-0 18. f6 Ng6 19. fxg7 Re8 20. Nb5 Qf4 21. Nd6 Re7 22. g4 f6 23. Bc4 b5 24. Rf1 Qxd6 25. Bxf6 Bxe4 26. Bxb5 Rf7 27. Rf2 Rxf6 0-1

[Event "Krakow op-A 33rd"]
[Site "Krakow"]
[Date "2022.12.31"]
[Round "5"]
[White "Pasztor, Balazs"]
[Black "Cieslak, Patryk"]
[Result "1-0"]
[WhiteElo "2400"]
[BlackElo "2094"]
[PlyCount "47"]
[EventDate "2022.12.27"]
[EventType "swiss"]
[EventRounds "9"]
[EventCountry "POL"]
[SourceTitle "CBM 212 Extra"]
[Source "ChessBase"]
[SourceDate "2023.03.31"]
[SourceVersion "1"]
[SourceVersionDate "2023.03.31"]
[SourceQuality "1"]

1. e4 e6 2. d4 d5 3. Nc3 Nf6 4. e5 Nfd7 5. f4 c5 6. Nf3 Nc6 7. Be3 Be7 8. a3 a6 9. dxc5 Nxc5 10. b4 Nd7 11. Bd3 b5 12. 0-0 0-0 13. Kh1 Bb7 14. Ne2 Nb6 15. Ned4 Nc4 16. Bg1 Nxd4 17. Nxd4 Qd7 18. Qe2 Bd8 19. f5 Bc7 20. f6 Nxe5 21. Qh5 h6 22. Be3 Qd6 23. fxg7 Rfe8 24. Bh7+ 1-0

[Event "Krakow op-A 33rd"]
[Site "Krakow"]
[Date "2022.12.29"]
[Round "3"]
[White "Lewicki, Miroslaw"]
[Black "Pasztor, Balazs"]
[Result "1-0"]
[WhiteElo "2336"]
[BlackElo "2400"]
[PlyCount "73"]
[EventDate "2022.12.27"]
[EventType "swiss"]
[EventRounds "9"]
[EventCountry "POL"]
[SourceTitle "CBM 212 Extra"]
[Source "ChessBase"]
[SourceDate "2023.03.31"]
[SourceVersion "1"]
[SourceVersionDate "2023.03.31"]
[SourceQuality "1"]

1. e4 c5 2. Nf3 d6 3. d4 cxd4 4. Nxd4 Nf6 5. Nc3 a6 6. g3 e5 7. Nb3 Be7 8. Bg2 0-0 9. 0-0 Nbd7 10. f4 b5 11. Be3 Bb7 12. a4 b4 13. Nd5 Rc8 14. fxe5 dxe5 15. Bh3 Nxd5 16. exd5 Qc7 17. Rc1 Qd6 18. Qd3 Rcd8 19. Rfd1 Rfe8 20. c4 bxc3 21. bxc3 e4 22. Qe2 Ne5 23. c4 Qa3 24. Qc2 Qxa4 25. Bf5 Ba3 26. Nd2 Qb4 27. Rb1 Qe7 28. Nxe4 Bc8 29. Bxh7+ Kh8 30. Kg2 Bg4 31. Rf1 Qd7 32. Rf4 f5 33. Ng5 Nf3 34. Bxf5 Qe7 35. Nxf3 Bxf5 36. Qxf5 Qxe3 37. Qh5+ 1-0

[Event "EU-ch U16 30th"]
[Site "Antalya"]
[Date "2022.11.13"]
[Round "8"]
[White "Zlatkov, Anton"]
[Black "Pasztor, Balazs"]
[Result "0-1"]
[WhiteElo "2107"]
[BlackElo "2344"]
[PlyCount "78"]
[EventDate "2022.11.06"]
[EventType "swiss"]
[EventRounds "9"]
[EventCountry "TUR"]
[SourceTitle "CBM 211 Extra"]
[Source "ChessBase"]
[SourceDate "2023.01.31"]
[SourceVersion "1"]
[SourceVersionDate "2023.01.31"]
[SourceQuality "1"]

1. e4 c5 2. Nf3 d6 3. d4 cxd4 4. Nxd4 Nf6 5. Nc3 a6 6. Bd3 e5 7. Nde2 Nc6 8. 0-0 Be6 9. f4 exf4 10. Nxf4 Ne5 11. b3 g6 12. Bb2 Bg7 13. Qe1 0-0 14. Kh1 Rc8 15. Rd1 Re8 16. h3 Bd7 17. Qg3 Bc6 18. Rfe1 b5 19. a3 Bb7 20. Qf2 Qc7 21. Re2 Qb8 22. a4 Bc6 23. axb5 axb5 24. Ra1 b4 25. Nd1 Rc7 26. Ra6 Nfd7 27. Bd4 Nc5 28. Bxc5 dxc5 29. Ra5 Nxd3 30. cxd3 Bd4 31. Ne3 c4 32. bxc4 b3 33. Qe1 b2 34. Qb1 Bxe3 35. Rxb2 Rb7 36. Rxb7 Bxb7 37. Rb5 Qxf4 38. Rxb7 Bd4 39. Rb5 Ra8 0-1

[Event "EU-ch U16 30th"]
[Site "Antalya"]
[Date "2022.11.12"]
[Round "7"]
[White "Pasztor, Balazs"]
[Black "Taspinar, Yanki"]
[Result "1-0"]
[WhiteElo "2344"]
[BlackElo "2291"]
[PlyCount "53"]
[EventDate "2022.11.06"]
[EventType "swiss"]
[EventRounds "9"]
[EventCountry "TUR"]
[SourceTitle "CBM 211 Extra"]
[Source "ChessBase"]
[SourceDate "2023.01.31"]
[SourceVersion "1"]
[SourceVersionDate "2023.01.31"]
[SourceQuality "1"]

1. e4 e5 2. Nf3 Nc6 3. Bb5 a6 4. Ba4 Nf6 5. 0-0 b5 6. Bb3 Bb7 7. Re1 Bc5 8. c3 d6 9. a4 0-0 10. d4 Bb6 11. Bg5 h6 12. Bh4 g5 13. Nxg5 hxg5 14. Bxg5 exd4 15. cxd4 Kg7 16. Bd5 Qd7 17. Ra3 Nh7 18. Qh5 f6 19. Bh6+ Kh8 20. Rg3 Rg8 21. Ree3 Nxd4 22. Bxb7 Rxg3 23. Rxg3 Rg8 24. Rxg8+ Kxg8 25. Bd5+ Kh8 26. Qg6 Ne2+ 27. Kf1 1-0

[Event "EU-ch U16 30th"]
[Site "Antalya"]
[Date "2022.11.06"]
[Round "1"]
[White "Pasztor, Balazs"]
[Black "Ytrestoyl, Sindre Lyngsaunet"]
[Result "1-0"]
[WhiteElo "2344"]
[BlackElo "2026"]
[PlyCount "39"]
[EventDate "2022.11.06"]
[EventType "swiss"]
[EventRounds "9"]
[EventCountry "TUR"]
[SourceTitle "EXT 2024"]
[Source "ChessBase"]
[SourceDate "2023.10.10"]
[SourceVersion "1"]
[SourceVersionDate "2023.10.10"]
[SourceQuality "1"]

1. e4 c6 2. d4 d5 3. e5 c5 4. Nf3 Bg4 5. dxc5 Nc6 6. c3 e6 7. Be3 a6 8. Nbd2 Nxe5 9. Be2 Nc6 10. h3 Bh5 11. 0-0 Nf6 12. b4 Qc7 13. a4 Be7 14. Re1 0-0 15. Qb3 e5 16. Bf1 Nd8 17. Rac1 h6 18. Qb2 Re8 19. g3 a5 20. b5 1-0